Turbo - Basic kompakt Vollständige Befehlsübersicht mit kurzer Einführung

Na minha lista:
Detalhes bibliográficos
Autor principal: Winkler, Eckart
Formato: Livro
Idioma:alemão
Publicado em: München Franzis 1989
Edição:1. Aufl.
Tags: Adicionar Tag
Sem tags, seja o primeiro a adicionar uma tag!

MARC

LEADER 00000nam a2200000 4500
001 c039023
005 20221215124912.0
041 0 |a ger 
044 |a DE 
245 1 0 |a Turbo - Basic kompakt  |b Vollständige Befehlsübersicht mit kurzer Einführung  |c Eckart Winkler 
250 |a 1. Aufl. 
264 1 |a München  |b Franzis  |c 1989 
300 |a 429 s. 
100 1 |a Winkler, Eckart